000 00485nam a22001817a 4500
999 _c525362
_d525362
003 NUST
020 _a-
038 _aZafar Malik
082 _a891.421
_bSAD
100 _aSaddiqui, Zahid
_916210
245 _aPandh Ajay Nai Mukia \
_cZahid Saddiqui
260 _aGujranwala :
_bFarogh-e-Adab Academy ;
_c2002.
300 _a112 p. ;
500 _aHardcover
880 _6100-02\r
_aزاھد صدیقی
880 _6245-02\r
_aپندھ اجے نہیں مکیا
942 _2ddc
_cBK